000 00461nam a2200181Ia 4500
008 240925s9999 xx 000 0 und d
020 _a130464112
082 _a621.395 FLO
100 _aFloyd, Thomas L.
245 0 _aDigital Fundamentals
250 _a8th
260 _aNew Jersey:
_bPrintice- Hall Int.
_c,2003.
300 _axi,572p.
_bNA
_fPirated
500 _aIncludes Index
600 _aElectronic Engineering
650 _aTechnology
942 _cBK
999 _c8793
_d8793